000 00244nam a2200097Ia 4500
001 1229070
005 20250827093054.0
008 250824s9999 xx 000 0 und d
245 0 _aSEÇME ÖYKÜLER
_cÖMER SEYFETTİN
260 _bALTIN KİTAPLAR
999 _c1229070
_d1229070